Rahsia membina keyakinan diri sendiri

Bibliographic Details
Main Author: Anthony, Robert
Format: Book
Published: Batu Caves : Albaz Publishing & Distribution Sdn. Bhd. , 2000
Subjects:

MARC

LEADER 00000cam a2200000 7i4500
001 0000041324
005 20080314.0
020 |a 9839315404 
090 0 0 |a 153.1534   |b ANT 
100 1 |a Anthony, Robert 
245 1 0 |a Rahsia membina keyakinan diri sendiri   |c Robert Anthony 
260 |a Batu Caves :   |b Albaz Publishing & Distribution Sdn. Bhd. ,   |c 2000 
300 |a 190 p. ;   |c 23 cm. 
650 0 0 |a Motivation (Psychology) 
999 |a 00095453   |b BUKU   |c PINJAMAN   |e PERPUSTAKAAN KOMUNITI PETALING JAYA